Online
Catalog

Nuestro medio 2. / (Record no. 12230)

MARC details
000 -CABECERA
campo de control de longitud fija 00921nam a2200217 a 4500
001 - NÚMERO DE CONTROL
campo de control 000012575
005 - FECHA Y HORA DE LA ÚLTIMA TRANSACCIÓN
campo de control 20200929163036.0
008 - DATOS DE LONGITUD FIJA--INFORMACIÓN GENERAL
campo de control de longitud fija 091113s1996 dr abc 000 0 spa d
020 ## - NÚMERO INTERNACIONAL ESTÁNDAR DEL LIBRO
Número Internacional Estándar del Libro 9706421335
040 ## - FUENTE DE LA CATALOGACIÓN
Centro catalogador/agencia de origen DO-SdBNP
Lengua de catalogación spa
Centro/agencia transcriptor BNPHU
082 ## - NÚMERO DE LA CLASIFICACIÓN DECIMAL DEWEY
Número de clasificación xxxx
Número de documento/Ítem N964m
049 ## - FONDOS LOCALES (OCLC)
Fondos de biblioteca BNPD
245 00 - MENCIÓN DE TÍTULO
Título Nuestro medio 2. /
Mención de responsabilidad, etc. dirección editorial Obdulia García de Escobar ; ilustración Julián Amado, Braulio Brito y Nelson Gómez.
260 ## - PUBLICACIÓN, DISTRIBUCIÓN, ETC.
Lugar de publicación, distribución, etc. Santo Domingo :
Nombre del editor, distribuidor, etc. Santillana,
Fecha de publicación, distribución, etc. 1996.
300 ## - DESCRIPCIÓN FÍSICA
Extensión 127 p. :
Otras características físicas il., map., retrs. ;
Dimensiones 28 cm.
500 ## - NOTA GENERAL
Nota general Esta libro está aprobado como texto de nuestro medio para segundo grado por la Secretaría de Estado de Educación, Bellas Artes y Cultos, mediante el oficio No. 1750 de fecha 7 de agosto de 1996
700 ## - PUNTO DE ACCESO ADICIONAL--NOMBRE DE PERSONA
Nombre de persona Garca Escobar, Obdulia de,
Término indicativo de función/relación dir. ed.
9 (RLIN) 29281
700 1# - PUNTO DE ACCESO ADICIONAL--NOMBRE DE PERSONA
Nombre de persona Amado, Julián,
Término indicativo de función/relación il.
9 (RLIN) 29282
701 1# -
-- Brito, Braulio,
-- il.
700 1# - PUNTO DE ACCESO ADICIONAL--NOMBRE DE PERSONA
Nombre de persona Gómez, Nelson,
Término indicativo de función/relación il.
9 (RLIN) 29279
Holdings
Estado de retiro Estado de pérdida No para préstamo Código de colección Localización permanente Ubicación/localización actual Ubicación en estantería Fecha de adquisición Número de inventario Total de préstamos Signatura topográfica completa Código de barras Fecha visto por última vez Precio válido a partir de Tipo de ítem Koha
    Excluido de préstamo Patrimonio Dominicano Patrimonio Dominicano Patrimonio Dominicano En catalogación 13.11.2009 LF1   xxxx N964m 12575-10 25.06.2020 25.06.2020 Libro y Folleto Colección Patrimonio Dominicano

Powered by Koha